| 000 | 03079cpcaa2200505 4500 | ||
|---|---|---|---|
| 001 | mm 80056622 | ||
| 003 | DLC | ||
| 005 | 20260227111704.0 | ||
| 008 | 810928|||||||||||| eng | ||
| 010 |
_amm 80056622 _bms 80002084 |
||
| 040 |
_aDLC _cDLC _edacs _dDLC |
||
| 072 | 7 |
_aR _2lcmd |
|
| 100 | 1 |
_aRoosevelt, Theodore, _d1831-1878. |
|
| 245 | 0 | 0 |
_aTheodore Roosevelt family papers, _f1810-1919 _g(bulk 1849-1877). |
| 300 |
_a300 _fitems. |
||
| 300 |
_a1 _fcontainer. |
||
| 300 |
_a0.4 _flinear feet. |
||
| 506 | 0 | _aOpen to research. | |
| 520 | 8 | _aChiefly general and family correspondence (1849-1877) of Roosevelt; and correspondence and other papers of other family members relating primarily to personal and family matters and to travels in Europe, India, and western United States. Includes material relating to the Civil War and to Roosevelt's work as commissioner with the U.S. Allotment Commissioners for the State of New York. Other correspondents include A. Van Horne Ellis, John Stoneacre Ellis, and George W. Morris. | |
| 545 | 0 | _aFamily members represented include Theodore Roosevelt (merchant); his wife, Martha Bulloch Roosevelt; his father, Cornelius Van Schaack Roosevelt; his mother, Margaret Barnhill Roosevelt; his uncles, John Redman Barnhill and Nicholas Roosevelt; his brothers, James Alfred Roosevelt and Robert Barnwell Roosevelt; and his children, Anna Roosevelt Cowles and President Theodore Roosevelt. | |
| 546 | _aCollection material in English. | ||
| 600 | 1 | 0 |
_aEllis, Augustus Van Horne, _d1827-1863 _vCorrespondence. |
| 600 | 1 | 0 |
_aEllis, John Stoneacre _vCorrespondence. |
| 600 | 1 | 0 |
_aMorris, Geo. W. _q(George W.) _vCorrespondence. |
| 600 | 3 | 0 | _aRoosevelt family. |
| 610 | 1 | 0 |
_aUnited States. _bAllotment Commissioners for the State of New York. |
| 651 | 0 |
_aEurope _xDescription and travel. |
|
| 651 | 0 |
_aIndia _xDescription and travel. |
|
| 651 | 0 |
_aNew York (N.Y.) _xHistory _yCivil War, 1861-1865. |
|
| 651 | 0 |
_aUnited States _xHistory _yCivil War, 1861-1865. |
|
| 651 | 0 |
_aWest (U.S.) _xDescription and travel. |
|
| 656 | 7 |
_aMerchants. _2itoamc |
|
| 700 | 1 |
_aBarnhill, John Redman. _tJohn Redman Barnhill papers. |
|
| 700 | 1 |
_aCowles, Anna Roosevelt, _d1855-1931. _tAnna Roosevelt Cowles papers. |
|
| 700 | 1 |
_aRoosevelt, Cornelius Van Schaack, _d1794-1871. _tCornelius Van Schaack Roosevelt papers. |
|
| 700 | 1 |
_aRoosevelt, James Alfred, _d1825-1898. _tJames Alfred Roosevelt papers. |
|
| 700 | 1 |
_aRoosevelt, Margaret Barnhill, _d1799-1861. _tMargaret Barnhill Roosevelt papers. |
|
| 700 | 1 |
_aRoosevelt, Martha Bulloch, _d1835-1884. _tMartha Bulloch Roosevelt papers. |
|
| 700 | 1 |
_aRoosevelt, Nicholas, _d1798-1828. _tNicholas Roosevelt papers. |
|
| 700 | 1 |
_aRoosevelt, Robert Barnwell, _d1829-1906. _tRobert Barnwell Roosevelt papers. |
|
| 700 | 1 |
_aRoosevelt, Theodore, _d1858-1919. _tTheodore Roosevelt papers. |
|
| 999 |
_c42897 _d42897 |
||